ბათუმის შოთა რუსთაველის სახელმწიფო უნივერსიტეტის ბიბლიოთეკა

არაბული ქვეყნები ოსმალთა ბატონობის პერიოდში (XVI ს.-XIX ს. დამდეგი) : (ბიბ.ჩანაწერი № 37749)

000 -ლიდერი
ფიქსირებული სიგრძის საკონტროლო ველი 01321nam a2200277Ia 4500
001 - საკონტროლო ნომერი
საკონტროლო ველი 3725
003 - საკონტროლო ნომრის იდენტიფიკატორი
საკონტროლო ველი GE_BSU
005 - ბოლო ოპერაციის თარიღი და დრო
საკონტროლო ველი 20190628185127.0
008 - ფიქსირებული სიგრძის მონაცემთა ელემენტები - ზოგადი ინფორმაცია
ფიქსირებული სიგრძის საკონტროლო ველი 181216s2012||||ge |||||||||||||| ||geo||
020 ## - წიგნის საერთაშორისო სტანდარტული ნომერი
International Standard Book Number 9789941175541
040 ## - კატალოგიზაციის წყარო
Transcribing agency GE_BSU
041 ## - ენის კოდი
Language code of text/sound track or separate title geo
080 ## - უნივერსალური ათობითი კლასიფიკაციის ინდექსი
Universal Decimal Classification number 94(5) ტ–57
100 ## - მთავარი ჩანაწერი - პიროვნების სახელი
Personal name ტიკაძე, მერაბ
9 (RLIN) 3096
245 ## - ცნობა სათაურის შესახებ
Title არაბული ქვეყნები ოსმალთა ბატონობის პერიოდში (XVI ს.-XIX ს. დამდეგი) :
Remainder of title სახელმძღვანელო /
Statement of responsibility, etc მერაბ ტიკაძე ; რედ. გოჩა ჯაფარიძე ; ივანე ჯავახიშვილის სახ. თსუ.
264 ## - წარმოების, გამოცემის, დისტრიბუციის და სხვა ცნობები
გამოცემის, წარმოების, დისტრიბუციის... ადგილი თბილისი :
გამოცემის, წარმოების, დისტრიბუციის... სახელწოდება უნივერსალი,
გამოცემის, წარმოების, დისტრიბუციის... თარიღი 2012.
300 ## - ფიზიკური აღწერა
Extent 195 გვ. ;
Other physical details 27 სმ.
500 ## - ზოგადი შენიშვნა
General note შენიშვნ.: გვ. 154-170.
501 ## - შენიშვნა თანმხლებ მასალაზე
With note დანართი: გვ. 191-195.
504 ## - BIBLIOGRAPHY, ETC. NOTE
Bibliography, etc ბიბლიოგრ.: გვ. 171-190.
653 ## - INDEX TERM--UNCONTROLLED
Uncontrolled term არაბული ქვეყნების ისტორია
653 ## - INDEX TERM--UNCONTROLLED
Uncontrolled term სახელმძღვანელო
700 ## - ADDED ENTRY--PERSONAL NAME
Personal name ჯაფარიძე, გოჩა
Relator term რედაქტორი
9 (RLIN) 3097
710 ## - ADDED ENTRY--CORPORATE NAME
Corporate name or jurisdiction name as entry element თსუ
9 (RLIN) 3098
942 ## - ADDED ENTRY ELEMENTS (KOHA)
Koha item type წიგნი
Source of classification or shelving scheme
ეგზემპლარები
ჩამოწერის სტატუსი დაკარგული ეგზემპლარის სტატუსი კლასიფიკაციის წყარო ან თაროზე გაწყობის სქემა დაზიანების სტატუსი არ გაიცემა მუდმივი მდებარეობა (დაცვის ადგილი) ამჟამინდელი ადგილსამყოფელი თაროზე განთავსების ადგილი შეძენის თარიღი სრული შენახვის შიფრი შტრიხკოდი ბოლო ოპერაციის თარიღი ეგზემპლარის მიმდევრობითი ნომერი (კეტერი?) ფასის ძალაში შესვლის თარიღი ეგზემპლარის სახეობა საჯარო შენიშვნა
          ბათუმის შოთა რუსთაველის სახელმწიფო უნივერსიტეტის მთავარი ბიბლიოთეკა ბათუმის შოთა რუსთაველის სახელმწიფო უნივერსიტეტის მთავარი ბიბლიოთეკა წიგნსაცავი 2018-12-17 94(5) ტ–57 5293 2018-12-17 5293 2018-12-17 წიგნი